000 00341nam a2200133Ia 4500
005 20260328104323.0
008 260328s9999||||xx |||||||||||||| ||und||
100 _aBrewster, Harry
245 0 _aClassical Anatolia. The Glory of Hellenism. /
_cHarry Brewster
260 _bTauris
300 _a192 p.
650 _aARQUITECTURA
942 _cBK
999 _c11424
_d11424